[Event "Tallinn-ch final"]
[Site "Tallinn"]
[Date "2010.??.??"]
[Round "1"]
[White "Karner, Hillar"]
[Black "Sarapik, Kristjan"]
[Result "0-1"]
[WhiteElo "2273"]
[BlackElo "2027"]
[PlyCount "68"]
[EventDate "2010.12.10"]
[EventType "tourn"]
[EventRounds "9"]
[EventCountry "EST"]
[SourceTitle "EXT 2018"]
[Source "ChessBase"]
[SourceDate "2017.10.13"]
[SourceVersion "1"]
[SourceVersionDate "2017.10.13"]
[SourceQuality "1"]

1. Nf3 Nf6 2. c4 e6 3. g3 b6 4. Bg2 Bb7 5. 0-0 Be7 6. Nc3 0-0 7. d4 Ne4 8. Bd2 d6 9. d5 Nxc3 10. Bxc3 Bf6 11. dxe6 fxe6 12. Nd4 Bxg2 13. Kxg2 Qd7 14. Rc1 a6 15. e3 Nc6 16. Qg4 Rae8 17. f4 Nxd4 18. Bxd4 Qa4 19. Bxf6 Rxf6 20. a3 Qa5 21. Rf2 Qc5 22. Qf3 a5 23. Rc3 a4 24. h3 g6 25. Qe4 Kg7 26. Rcc2 Ref8 27. Rcd2 R8f7 28. g4 g5 29. Kg3 h5 30. gxh5 gxf4+ 31. exf4 Qxh5 32. Kh2 Rg6 33. Rg2 Kf6 34. Qa8 Qxh3+ 0-1

[Event "Tallinn-ch final"]
[Site "Tallinn"]
[Date "2010.??.??"]
[Round "8"]
[White "Karner, Hillar"]
[Black "Tuul, Tarmo"]
[Result "1/2-1/2"]
[WhiteElo "2273"]
[BlackElo "1987"]
[PlyCount "140"]
[EventDate "2010.12.10"]
[EventType "tourn"]
[EventRounds "9"]
[EventCountry "EST"]
[SourceTitle "EXT 2018"]
[Source "ChessBase"]
[SourceDate "2017.10.13"]
[SourceVersion "1"]
[SourceVersionDate "2017.10.13"]
[SourceQuality "1"]

1. c4 e5 2. Nc3 Bb4 3. g3 Bxc3 4. bxc3 Nf6 5. Bg2 0-0 6. d3 c6 7. Bg5 h6 8. Bxf6 Qxf6 9. e4 d6 10. Ne2 Bg4 11. 0-0 Bf3 12. Qd2 Nd7 13. Nc1 Nc5 14. Qe3 Bxg2 15. Kxg2 Qe7 16. Nb3 Nd7 17. Rae1 f5 18. f4 fxe4 19. Qxe4 Rae8 20. fxe5 Rxf1 21. Kxf1 Qf7+ 22. Qf4 Qh5 23. Kg2 Rf8 24. Qe4 Nxe5 25. h3 Qf7 26. Qe2 h5 27. Nd2 Nxd3 28. Rf1 Qg6 29. Rxf8+ Kxf8 30. Qe3 Nc5 31. Qf2+ Kg8 32. Qe2 h4 33. g4 Nd3 34. Qe4 Qxe4+ 35. Nxe4 d5 36. cxd5 cxd5 37. Nd6 Nf4+ 38. Kf3 Nxh3 39. c4 dxc4 40. Nxc4 Ng5+ 41. Kg2 Nf7 42. Na5 Nd8 43. g5 b6 44. Nc4 Ne6 45. Kh3 Nxg5+ 46. Kxh4 Ne4 47. Kg4 b5 48. Ne3 Nc3 49. a3 Kf7 50. Kf5 a5 51. Nc2 g6+ 52. Ke5 Nb1 53. Kd4 g5 54. Kc5 Nc3 55. Kb6 b4 56. axb4 axb4 57. Nxb4 g4 58. Nd3 g3 59. Ne1 Ke6 60. Kc5 Ke5 61. Kc4 Nd1 62. Kd3 Kf4 63. Ke2 Nc3+ 64. Kf1 Kg4 65. Kg2 Nd5 66. Nd3 Ne3+ 67. Kg1 Kf3 68. Ne1+ Ke2 69. Ng2 Nd5 70. Nh4 Ne3 1/2-1/2

[Event "Saaremaa Cup"]
[Site "Saaremaa"]
[Date "2009.??.??"]
[Round "5"]
[White "Karner, Hillar"]
[Black "Siil, Marko"]
[Result "1-0"]
[WhiteElo "2273"]
[BlackElo "1865"]
[PlyCount "47"]
[EventDate "2009.??.??"]
[EventType "swiss"]
[EventRounds "7"]
[EventCountry "EST"]
[SourceTitle "EXT 2018"]
[Source "ChessBase"]
[SourceDate "2017.10.13"]
[SourceVersion "1"]
[SourceVersionDate "2017.10.13"]
[SourceQuality "1"]

1. d4 d5 2. c4 Nc6 3. Nc3 dxc4 4. d5 Ne5 5. Qd4 Ng6 6. Qxc4 a6 7. g3 Nf6 8. Bg2 e5 9. h4 h5 10. Bg5 Qd6 11. a3 Bf5 12. Bxf6 gxf6 13. e4 Bd7 14. Nf3 Ne7 15. Qe2 Nc8 16. Nd2 b5 17. Bf3 Qb6 18. Nd1 Nd6 19. Bxh5 c5 20. Bg4 Bh6 21. Bxd7+ Kxd7 22. Ne3 c4 23. Ndf1 Nxe4 24. Qg4+ 1-0

[Event "Saaremaa Cup"]
[Site "Saaremaa"]
[Date "2008.??.??"]
[Round "3"]
[White "Karner, Hillar"]
[Black "Truus, Tonu"]
[Result "1-0"]
[WhiteElo "2274"]
[BlackElo "2206"]
[PlyCount "77"]
[EventDate "2008.05.16"]
[EventType "swiss"]
[EventRounds "7"]
[EventCountry "EST"]
[SourceTitle "EXT 2018"]
[Source "ChessBase"]
[SourceDate "2017.10.13"]
[SourceVersion "1"]
[SourceVersionDate "2017.10.13"]
[SourceQuality "1"]

1. e4 d5 2. exd5 Nf6 3. d4 Nxd5 4. Nf3 Bg4 5. Be2 e6 6. 0-0 Be7 7. Ne5 Bxe2 8. Qxe2 0-0 9. c4 Nf6 10. Rd1 Nbd7 11. Nc3 Nb6 12. Bf4 c6 13. Rd3 Qc8 14. Rad1 Rd8 15. b3 Nbd7 16. h3 Nxe5 17. dxe5 Nd7 18. Ne4 Nf8 19. Rxd8 Bxd8 20. Qd2 Qc7 21. Qd6 Qa5 22. Nc5 Bb6 23. Nxb7 Bxf2+ 24. Kxf2 Qxa2+ 25. Rd2 Qxb3 26. Qxc6 a5 27. Nd6 Rd8 28. Qc7 Rd7 29. Qxa5 h6 30. Qb5 Qc3 31. c5 Rc7 32. Ne4 Qc1 33. Be3 Kh7 34. Qb2 Qc4 35. Qc2 Qxc2 36. Rxc2 Kg6 37. c6 Kf5 38. Kf3 g5 39. Bb6 1-0

[Event "EST-chT 23th"]
[Site "Tallinn"]
[Date "2008.??.??"]
[Round "2"]
[White "Kukk, Sander"]
[Black "Karner, Hillar"]
[Result "0-1"]
[WhiteElo "2091"]
[BlackElo "2274"]
[PlyCount "134"]
[EventDate "2008.05.08"]
[EventType "team-tourn"]
[EventRounds "7"]
[EventCountry "EST"]
[SourceTitle "EXT 2016"]
[Source "ChessBase"]
[SourceDate "2015.10.08"]
[SourceVersion "1"]
[SourceVersionDate "2015.10.08"]
[SourceQuality "1"]

1. e4 e5 2. Nf3 Nc6 3. Bc4 Nf6 4. d3 Be7 5. Nc3 0-0 6. h3 d6 7. Be3 Na5 8. Bb3 c5 9. Nd5 Nxb3 10. Nxe7+ Qxe7 11. axb3 d5 12. Bg5 dxe4 13. dxe4 Rd8 14. Qe2 b6 15. 0-0 h6 16. Bxf6 Qxf6 17. Rfd1 Rxd1+ 18. Rxd1 Bb7 19. Qd3 Re8 20. Nh2 Qg6 21. f3 Bc8 22. Kh1 f5 23. Qd5+ Kh7 24. Nf1 fxe4 25. fxe4 Qg5 26. Qf7 Re7 27. Qf8 Rd7 28. Rd5 Qf4 29. Qxf4 exf4 30. Rxd7 Bxd7 31. Kg1 g5 32. Nd2 Kg6 33. Kf2 Kf6 34. Nc4 Be6 35. Nd2 Ke5 36. Ke2 Bf7 37. Kd3 b5 38. Nf3+ Kd6 39. b4 Bc4+ 40. Kc3 Bf1 41. bxc5+ Kxc5 42. b4+ Kd6 43. Ne1 Ke5 44. Nf3+ Kxe4 45. Nd2+ Ke3 46. Nxf1+ Kf2 47. Nd2 Kxg2 48. Kd4 Kxh3 49. Ke4 Kg3 50. Nf1+ Kf2 51. Nh2 Ke2 52. Nf3 Kd1 53. Nd4 a6 54. Kf3 Kd2 55. Nxb5 axb5 56. c4 bxc4 57. b5 c3 58. b6 c2 59. b7 c1Q 60. b8Q Qd1+ 61. Kf2 Qe2+ 62. Kg1 Qe3+ 63. Kh2 Qd4 64. Qb3 g4 65. Qa2+ Kc1 66. Qe6 Qf2+ 67. Kh1 Qf1+ 0-1

[Event "Saaremaa Cup"]
[Site "Saaremaa"]
[Date "2008.??.??"]
[Round "2"]
[White "Petrov, Aleksandr"]
[Black "Karner, Hillar"]
[Result "0-1"]
[WhiteElo "2005"]
[BlackElo "2274"]
[PlyCount "82"]
[EventDate "2008.05.16"]
[EventType "swiss"]
[EventRounds "7"]
[EventCountry "EST"]
[SourceTitle "EXT 2018"]
[Source "ChessBase"]
[SourceDate "2017.10.13"]
[SourceVersion "1"]
[SourceVersionDate "2017.10.13"]
[SourceQuality "1"]

1. e4 c5 2. Nf3 Nc6 3. Nc3 d6 4. d4 cxd4 5. Nxd4 Nf6 6. f3 e6 7. Be3 a6 8. Qd2 Nxd4 9. Bxd4 b5 10. a3 Be7 11. g4 0-0 12. 0-0-0 e5 13. Be3 Be6 14. g5 Nh5 15. Rg1 Qb8 16. Nd5 Bd8 17. Be2 Bxd5 18. Qxd5 Bb6 19. Bxb6 Nf4 20. Qd2 Qxb6 21. Kb1 Rac8 22. Rge1 Rfd8 23. Bf1 a5 24. Qe3 Qc6 25. Rd2 b4 26. Red1 Rb8 27. Qb3 a4 28. Qc4 Qxc4 29. Bxc4 bxa3 30. b3 axb3 31. cxb3 Rb6 32. Ka2 Kf8 33. Kxa3 Ke7 34. b4 Ra8+ 35. Kb3 Rab8 36. b5 Ne6 37. Kb4 Nxg5 38. Ra1 R8b7 39. Ra8 Ne6 40. Rda2 Nd4 41. R2a7 Nc6+ 0-1

[Event "EST-chT 21st"]
[Site "Tallinn"]
[Date "2006.03.24"]
[Round "3"]
[White "Karner, Hillar"]
[Black "Nestor, Kaarel"]
[Result "1-0"]
[WhiteElo "2297"]
[BlackElo "2069"]
[PlyCount "33"]
[EventDate "2006.03.23"]
[EventType "team"]
[EventRounds "7"]
[EventCountry "EST"]
[SourceTitle "EXT 2007"]
[Source "ChessBase"]
[SourceDate "2006.11.23"]
[SourceVersion "1"]
[SourceVersionDate "2006.11.23"]
[SourceQuality "1"]
[WhiteTeam "Viljandi MS"]
[BlackTeam "Reval Sport"]
[WhiteTeamCountry "EST"]
[BlackTeamCountry "EST"]

1. d4 Nf6 2. c4 e5 3. dxe5 Ng4 4. Nf3 Bc5 5. e3 Nc6 6. Nc3 0-0 7. Be2 Re8 8. 0-0 a5 9. b3 Ngxe5 10. Bb2 Nxf3+ 11. Bxf3 Ne5 12. Ne4 Bf8 13. Ng3 Ra6 14. Bd5 Rh6 15. f4 Nc6 16. Bxf7+ Kh8 17. Nf5 1-0

[Event "EST-chT 20th"]
[Site "Tallinn "]
[Date "2005.03.19"]
[Round "4"]
[White "Karner, Hillar"]
[Black "Leito, Priit"]
[Result "0-1"]
[WhiteElo "2292"]
[BlackElo "2350"]
[PlyCount "62"]
[EventDate "2005.03.17"]
[EventType "team-tourn"]
[EventRounds "7"]
[EventCountry "EST"]
[SourceTitle "EXT 2016"]
[Source "ChessBase"]
[SourceDate "2015.10.08"]
[SourceVersion "1"]
[SourceVersionDate "2015.10.08"]
[SourceQuality "1"]

1. e4 c5 2. Nf3 e6 3. c3 d5 4. exd5 exd5 5. d4 Bd6 6. Be2 Ne7 7. 0-0 Nbc6 8. dxc5 Bxc5 9. Nbd2 0-0 10. Nb3 Bb6 11. Nfd4 Nf5 12. Nxf5 Bxf5 13. Bf4 d4 14. Qd2 d3 15. Bf3 Qd7 16. Rfe1 Rad8 17. h3 h6 18. Bxc6 bxc6 19. c4 Rfe8 20. c5 Bc7 21. Bxc7 Qxc7 22. Rxe8+ Rxe8 23. Re1 Rd8 24. Qc3 Qd7 25. Nd2 Re8 26. Rd1 Re2 27. Nf3 Rc2 28. Qd4 Qe7 29. Qd6 Qe2 30. Rf1 Be4 31. Ne5 Qxf1+ 0-1

[Event "EST-chT 20th"]
[Site "Tallinn "]
[Date "2005.03.18"]
[Round "3"]
[White "Karner, Hillar"]
[Black "Kortshagin, Oleg"]
[Result "1/2-1/2"]
[WhiteElo "2292"]
[BlackElo "2168"]
[PlyCount "77"]
[EventDate "2005.03.17"]
[EventType "team-tourn"]
[EventRounds "7"]
[EventCountry "EST"]
[SourceTitle "EXT 2016"]
[Source "ChessBase"]
[SourceDate "2015.10.08"]
[SourceVersion "1"]
[SourceVersionDate "2015.10.08"]
[SourceQuality "1"]

1. e4 e5 2. Nf3 Nc6 3. Bb5 a6 4. Ba4 Nf6 5. d3 b5 6. Bb3 Bc5 7. Be3 Bxe3 8. fxe3 d6 9. 0-0 Na5 10. Qe1 Nxb3 11. axb3 0-0 12. Nc3 c6 13. h3 h6 14. Qf2 Nh7 15. Nh4 g6 16. Kh2 Qg5 17. Nf3 Qe7 18. Qg3 Kg7 19. Nd1 Ng5 20. Nf2 f5 21. exf5 Nxf3+ 22. Qxf3 Rxf5 23. Qe2 Bb7 24. e4 Rf7 25. Ng4 Rxf1 26. Rxf1 Rf8 27. Rxf8 Qxf8 28. Qe3 Qf4+ 29. g3 Qxe3 30. Nxe3 Bc8 31. g4 Kf6 32. Kg3 Be6 33. h4 a5 34. Kf3 d5 35. c4 d4 36. Nf1 Ke7 37. Ng3 Kf6 38. Nf1 Ke7 39. Ng3 1/2-1/2

[Event "EST-chT final"]
[Site "Estonia"]
[Date "2003.??.??"]
[Round "?"]
[White "Sepp, Olav"]
[Black "Karner, Hillar"]
[Result "1/2-1/2"]
[WhiteElo "2431"]
[BlackElo "2297"]
[PlyCount "51"]
[EventDate "2003.??.??"]
[EventType "team"]
[EventRounds "5"]
[EventCountry "EST"]
[SourceTitle "EXT 2007"]
[Source "ChessBase"]
[SourceDate "2006.11.23"]
[SourceVersion "1"]
[SourceVersionDate "2006.11.23"]
[SourceQuality "1"]

1. e4 c6 2. d4 d5 3. e5 Bf5 4. Nf3 e6 5. Be2 h6 6. 0-0 Ne7 7. b3 Ng6 8. c4 Be7 9. Na3 Qa5 10. Nc2 Nd7 11. Bd2 Qd8 12. cxd5 cxd5 13. Nfe1 Ngf8 14. Ne3 Be4 15. f3 Bh7 16. f4 Qb6 17. Bc3 Nb8 18. f5 Bg5 19. N1c2 Nc6 20. fxe6 fxe6 21. Bh5+ Kd8 22. Kh1 Rc8 23. Bg4 Be4 24. Bf3 Bg6 25. Bh5 Be4 26. Bf3 1/2-1/2

[Event "EST-chT"]
[Site "Tallinn"]
[Date "2002.04.07"]
[Round "10"]
[White "Karner, Hillar"]
[Black "Sepp, Olav"]
[Result "0-1"]
[WhiteElo "2293"]
[BlackElo "2460"]
[PlyCount "98"]
[EventDate "2002.03.08"]
[EventType "team-tourn"]
[EventRounds "10"]
[EventCountry "EST"]
[SourceTitle "CBM 087 Extra"]
[Source "ChessBase"]
[SourceDate "2002.05.03"]
[SourceVersion "2"]
[SourceVersionDate "2002.08.09"]
[SourceQuality "1"]

1. e4 e5 2. Nf3 Nc6 3. Bb5 Nf6 4. d3 d6 5. c3 Bd7 6. Nbd2 g6 7. Nf1 Bg7 8. h3 0-0 9. Ne3 Kh8 10. Ba4 Ng8 11. Nd5 f5 12. Bg5 Qc8 13. Bd2 Nd8 14. Bxd7 Qxd7 15. h4 c6 16. Ne3 f4 17. Nc2 Nf6 18. Qe2 c5 19. 0-0-0 b5 20. Kb1 Rb8 21. h5 Nxh5 22. Nh4 Kg8 23. Nf5 Nf6 24. Nxg7 Qxg7 25. d4 Ne6 26. d5 Ng5 27. f3 Nh5 28. Be1 Rb7 29. Na1 a5 30. Nb3 Qc7 31. Rxh5 gxh5 32. Bh4 h6 33. Rh1 c4 34. Nc1 b4 35. Be1 Rfb8 36. Rxh5 Kg7 37. Rh1 Qc5 38. Ka1 b3 39. Bf2 Qa3 40. Qxc4 bxa2 41. b3 Rxb3 42. Nxb3 Rxb3 43. Qe2 Rxc3 44. Qb2 Qb4 45. Rd1 Qc4 46. Be1 Rc2 47. Qa3 Qe2 48. Rc1 Qxg2 49. Bxa5 Qxf3 0-1

[Event "EST-chT"]
[Site "Tallinn"]
[Date "2002.04.06"]
[Round "7"]
[White "Garber, Vjatseslav"]
[Black "Karner, Hillar"]
[Result "1/2-1/2"]
[WhiteElo "2164"]
[BlackElo "2293"]
[PlyCount "110"]
[EventDate "2002.03.08"]
[EventType "team-tourn"]
[EventRounds "10"]
[EventCountry "EST"]
[SourceTitle "CBM 087 Extra"]
[Source "ChessBase"]
[SourceDate "2002.05.03"]
[SourceVersion "2"]
[SourceVersionDate "2002.08.09"]
[SourceQuality "1"]

1. Nf3 Nf6 2. g3 e6 3. Bg2 d5 4. 0-0 c5 5. d3 Nc6 6. Nbd2 b6 7. c3 Be7 8. Qa4 Qd7 9. a3 0-0 10. b4 a6 11. Qc2 Rd8 12. Nb3 c4 13. dxc4 dxc4 14. Nbd2 b5 15. Ne5 Nxe5 16. Bxa8 Nd5 17. Bxd5 Qxd5 18. Qe4 Qd6 19. Nf3 Nxf3+ 20. Qxf3 Qd7 21. Ra2 Bb7 22. Qe3 Qc6 23. f3 h6 24. Rd2 Ra8 25. Qf2 Bf6 26. Rc2 a5 27. Kg2 g5 28. h3 Kg7 29. Qe3 axb4 30. axb4 Qa6 31. Bb2 Qa4 32. Rd2 Qb3 33. Ra1 Ra4 34. Rb1 h5 35. Kf2 Ra2 36. Qb6 Ba6 37. e4 Ra4 38. Qe3 Bb7 39. Re1 Ra2 40. Ree2 Rxb2 41. Rxb2 Qxc3 42. Qxc3 Bxc3 43. Rec2 Bd4+ 44. Ke2 g4 45. hxg4 hxg4 46. Ra2 gxf3+ 47. Kxf3 f5 48. Re2 Kf6 49. Ra5 Bc6 50. Ra6 Bb7 51. Ra5 Bc6 52. Kf4 e5+ 53. Kf3 Kg5 54. Ra6 Bb7 55. Ra5 Bc6 1/2-1/2

[Event "EST-chT"]
[Site "Parnu"]
[Date "2002.03.10"]
[Round "4"]
[White "Gavrikov, Viktor"]
[Black "Karner, Hillar"]
[Result "1-0"]
[WhiteElo "2578"]
[BlackElo "2293"]
[PlyCount "47"]
[EventDate "2002.03.08"]
[EventType "team-tourn"]
[EventRounds "10"]
[EventCountry "EST"]
[SourceTitle "CBM 087 Extra"]
[Source "ChessBase"]
[SourceDate "2002.05.03"]
[SourceVersion "2"]
[SourceVersionDate "2002.08.09"]
[SourceQuality "1"]

1. c4 Nf6 2. d4 e6 3. Nc3 Bb4 4. Qc2 c5 5. dxc5 0-0 6. a3 Bxc5 7. Nf3 b6 8. Bg5 Be7 9. Rd1 Bb7 10. e4 Ne8 11. Bc1 Nc6 12. Be2 d6 13. 0-0 Bf6 14. Rfe1 Qe7 15. Bf4 Rc8 16. Nb5 e5 17. Be3 Nd4 18. Bxd4 exd4 19. Nxa7 Rc5 20. Nb5 Bxe4 21. Bd3 Bxd3 22. Qxd3 Be5 23. b4 Rc8 24. Nxe5 1-0

[Event "Helsinki-Tallinn m"]
[Site "Helsinki"]
[Date "2001.10.28"]
[Round "?"]
[White "Kekki, Petri"]
[Black "Karner, Hillar"]
[Result "1-0"]
[WhiteElo "2300"]
[BlackElo "2293"]
[PlyCount "107"]
[EventDate "2001.10.28"]
[EventType "match"]
[EventRounds "1"]
[EventCountry "FIN"]
[SourceTitle "EXT 2002"]
[Source "ChessBase"]
[SourceDate "2001.11.25"]
[SourceVersion "1"]
[SourceVersionDate "2001.11.25"]
[SourceQuality "1"]

1. d4 Nf6 2. Nf3 e6 3. e3 c5 4. Bd3 d5 5. b3 Nc6 6. 0-0 Be7 7. Bb2 cxd4 8. exd4 0-0 9. c4 Nb4 10. Be2 b6 11. Nc3 Bb7 12. a3 Nc6 13. Rc1 Rc8 14. Re1 dxc4 15. bxc4 Na5 16. Ne5 Nd7 17. Nxd7 Qxd7 18. d5 Nxc4 19. dxe6 Qxd1 20. Nxd1 Nxb2 21. exf7+ Kxf7 22. Nxb2 Rxc1 23. Rxc1 Rc8 24. Rxc8 Bxc8 25. Nc4 Bc5 26. a4 Ke7 27. Kf1 Bf5 28. Ne5 Kd6 29. f4 Bd4 30. Nd3 Bd7 31. Bd1 Kd5 32. Bb3+ Ke4 33. Ke2 Be8 34. h3 h6 35. g3 a5 36. Ne1 b5 37. Bc2+ Kd5 38. Bb3+ Kd6 39. Nf3 Bf6 40. axb5 Bxb5+ 41. Ke3 Kc5 42. g4 Kb4 43. Ba2 a4 44. g5 Bc3 45. gxh6 gxh6 46. Nd4 Bxd4+ 47. Kxd4 Bd7 48. h4 Ka3 49. Bd5 Kb2 50. Ke5 a3 51. f5 Ba4 52. f6 Bb3 53. f7 a2 54. f8Q 1-0

[Event "Keres Memorial op"]
[Site "Tallinn"]
[Date "2001.07.27"]
[Round "4"]
[White "Haitin, Ilja"]
[Black "Karner, Hillar"]
[Result "0-1"]
[WhiteElo "2061"]
[BlackElo "2292"]
[PlyCount "76"]
[EventDate "2001.07.25"]
[EventType "swiss"]
[EventRounds "9"]
[EventCountry "EST"]
[SourceTitle "CBM 083 Extra"]
[Source "ChessBase"]
[SourceDate "2001.09.11"]
[SourceVersion "1"]
[SourceVersionDate "2001.09.11"]
[SourceQuality "1"]

1. e4 d6 2. d4 Nf6 3. Nc3 g6 4. f4 Bg7 5. Nf3 0-0 6. e5 dxe5 7. fxe5 Nd5 8. h4 c5 9. h5 Nc6 10. Bd3 cxd4 11. hxg6 hxg6 12. Nxd5 Qxd5 13. Bh6 Bxh6 14. Rxh6 Kg7 15. Qd2 Be6 16. 0-0-0 Rh8 17. Rdh1 Nxe5 18. Rxh8 Rxh8 19. Rxh8 Kxh8 20. Qh6+ Kg8 21. Ng5 Nxd3+ 22. cxd3 Qe5 23. Qh7+ Kf8 24. Nxe6+ fxe6 25. Qxg6 Qf5 26. Qg3 e5 27. Qh3 Qxh3 28. gxh3 e4 29. dxe4 e5 30. Kd2 Kg7 31. Kd3 Kh6 32. b3 Kh5 33. a4 a5 34. Kc4 Kh4 35. Kb5 d3 36. Kxa5 d2 37. b4 d1Q 38. b5 Qd4 0-1

[Event "Keres Memorial op"]
[Site "Tallinn"]
[Date "2001.07.26"]
[Round "3"]
[White "Karner, Hillar"]
[Black "Kengis, Edvins"]
[Result "0-1"]
[WhiteElo "2292"]
[BlackElo "2572"]
[PlyCount "64"]
[EventDate "2001.07.25"]
[EventType "swiss"]
[EventRounds "9"]
[EventCountry "EST"]
[SourceTitle "CBM 083 Extra"]
[Source "ChessBase"]
[SourceDate "2001.09.11"]
[SourceVersion "1"]
[SourceVersionDate "2001.09.11"]
[SourceQuality "1"]

1. c4 b6 2. d4 Bb7 3. Nc3 e6 4. a3 g6 5. e4 Bg7 6. Nf3 Ne7 7. Bd3 d6 8. Be3 Nd7 9. Qd2 0-0 10. 0-0-0 a6 11. h4 h5 12. Bh6 Nf6 13. Bxg7 Kxg7 14. Ng5 Nc6 15. Ne2 Qe7 16. f3 b5 17. Qc3 bxc4 18. Bxc4 d5 19. Bb3 a5 20. e5 Nd7 21. Nf4 Nd8 22. Kb1 c5 23. Rc1 a4 24. Ba2 cxd4 25. Qxd4 Nc6 26. Qe3 Ndxe5 27. Rhe1 Qf6 28. Rxc6 Nxc6 29. Nfxe6+ fxe6 30. Nxe6+ Kh7 31. Ng5+ Kh8 32. Ne6 Rf7 0-1

[Event "EST-chT"]
[Site "Parnu/Tallinn"]
[Date "2001.04.06"]
[Round "?"]
[White "Karner, Hillar"]
[Black "Narva, Jaan"]
[Result "1/2-1/2"]
[WhiteElo "2291"]
[BlackElo "2317"]
[PlyCount "96"]
[EventDate "2001.04.06"]
[EventType "team"]
[EventRounds "8"]
[EventCountry "EST"]
[SourceTitle "CBM 081 Extra"]
[Source "ChessBase"]
[SourceDate "2001.05.06"]
[SourceVersion "1"]
[SourceVersionDate "2001.05.06"]
[SourceQuality "1"]

1. e4 c5 2. Nf3 Nc6 3. Bb5 g6 4. 0-0 Bg7 5. d3 Qb6 6. Nc3 Bxc3 7. Bxc6 Bg7 8. Ba4 Nf6 9. h3 0-0 10. e5 Nd5 11. Bb3 Qc6 12. Re1 b5 13. a4 a6 14. axb5 axb5 15. Rxa8 Qxa8 16. Bg5 Re8 17. Qd2 Bb7 18. Bh6 Nc7 19. Nh4 Bd5 20. Bxd5 Qxd5 21. Bxg7 Kxg7 22. c3 Ne6 23. f4 Kh8 24. f5 gxf5 25. Nxf5 f6 26. Nh6 Rf8 27. exf6 Rxf6 28. Ng4 Rg6 29. Re5 Qa8 30. Kh1 d6 31. Rf5 Ng7 32. Rf2 h5 33. Ne3 e5 34. Qe2 Qd8 35. Nf5 Qg5 36. Qe4 Rf6 37. Qa8+ Kh7 38. Ne7 Ne8 39. Qe4+ Kh8 40. Rf5 Rxf5 41. Nxf5 Nf6 42. Qa8+ Kh7 43. Qb7+ Kg6 44. Nxd6 Qc1+ 45. Kh2 Qf4+ 46. Kg1 Qe3+ 47. Kh1 Qc1+ 48. Kh2 Qf4+ 1/2-1/2

[Event "EST-chT"]
[Site "Parnu/Tallinn"]
[Date "2001.04.06"]
[Round "?"]
[White "Kulaots, Kaido"]
[Black "Karner, Hillar"]
[Result "1-0"]
[WhiteElo "2519"]
[BlackElo "2291"]
[PlyCount "55"]
[EventDate "2001.04.06"]
[EventType "team"]
[EventRounds "8"]
[EventCountry "EST"]
[SourceTitle "CBM 081 Extra"]
[Source "ChessBase"]
[SourceDate "2001.05.06"]
[SourceVersion "1"]
[SourceVersionDate "2001.05.06"]
[SourceQuality "1"]

1. e4 c5 2. Nf3 d6 3. d4 cxd4 4. Nxd4 Nf6 5. Nc3 a6 6. Be2 e6 7. 0-0 Be7 8. f4 0-0 9. Be3 Qc7 10. g4 Nfd7 11. g5 Re8 12. f5 Ne5 13. Bh5 g6 14. fxe6 Bxe6 15. Nxe6 fxe6 16. Bg4 Bd8 17. Bh3 Nbc6 18. Qe2 Na5 19. Rad1 Nac4 20. Bc1 Nf7 21. Qg4 Nxg5 22. Bxg5 Qc5+ 23. Kh1 Qxg5 24. Qf3 Qe7 25. Ne2 Nxb2 26. Rxd6 Bc7 27. Bxe6+ Kh8 28. Qc3+ 1-0

[Event "Saaremaa Cup"]
[Site "Saaremaa"]
[Date "2001.??.??"]
[Round "?"]
[White "Karner, Hillar"]
[Black "Sepp, Olav"]
[Result "1/2-1/2"]
[WhiteElo "2295"]
[BlackElo "2445"]
[PlyCount "98"]
[EventDate "2001.??.??"]
[EventType "swiss"]
[EventRounds "5"]
[EventCountry "EST"]
[SourceTitle "EXT 2018"]
[Source "ChessBase"]
[SourceDate "2017.10.13"]
[SourceVersion "1"]
[SourceVersionDate "2017.10.13"]
[SourceQuality "1"]

1. e4 e5 2. Nf3 Nc6 3. Bb5 Nf6 4. 0-0 Nxe4 5. d4 Nd6 6. Bxc6 dxc6 7. dxe5 Nf5 8. Qxd8+ Kxd8 9. Nc3 Ke8 10. Ne2 Ne7 11. h3 Ng6 12. Ned4 Be7 13. Re1 c5 14. Nb5 Kd7 15. Bg5 Bxg5 16. Nxg5 Kc6 17. Nc3 Re8 18. Nf3 Bf5 19. Rac1 Rad8 20. g4 Be6 21. Kh2 b5 22. Kg3 b4 23. Ne4 Bd5 24. c4 Bxe4 25. Rxe4 f6 26. e6 Rd3 27. Kg2 Rd6 28. Rce1 Rexe6 29. h4 Rxe4 30. Rxe4 Kd7 31. h5 Nf8 32. Re2 Ne6 33. Rd2 Nf4+ 34. Kg3 Rxd2 35. Nxd2 Nd3 36. b3 Ke6 37. Kf3 Nc1 38. Ne4 Nxa2 39. Nxc5+ Kd6 40. Ne4+ Ke5 41. Ke3 a5 42. f4+ Ke6 43. Kd4 g6 44. hxg6 hxg6 45. Nc5+ Kd6 46. Ne4+ Ke7 47. Kc5 Nc3 48. Nf2 Ke6 49. Nd3 Kd7 1/2-1/2

[Event "EST-chT Cup"]
[Site "Tallinn"]
[Date "2000.04.07"]
[Round "?"]
[White "Karner, Hillar"]
[Black "Lelumees, Brait"]
[Result "1-0"]
[WhiteElo "2296"]
[BlackElo "2175"]
[PlyCount "112"]
[EventDate "2000.02.25"]
[EventType "team"]
[EventRounds "10"]
[EventCountry "EST"]
[SourceTitle "EXT 2001"]
[Source "ChessBase"]
[SourceDate "2000.11.22"]
[SourceVersion "1"]
[SourceVersionDate "2000.11.22"]
[SourceQuality "1"]

1. d4 Nf6 2. c4 g6 3. g3 Bg7 4. Bg2 d5 5. cxd5 Nxd5 6. Nf3 0-0 7. 0-0 Nd7 8. e4 N5b6 9. Nc3 c6 10. Bf4 e5 11. Nxe5 Nxe5 12. Bxe5 Bxe5 13. dxe5 Nc4 14. Qe2 Nxe5 15. Rad1 Qb6 16. h3 Be6 17. b3 a5 18. Nd5 Bxd5 19. exd5 Rfe8 20. dxc6 Nxc6 21. Qf3 Re7 22. Qf6 Re6 23. Qf4 Re7 24. Rd6 Rae8 25. Bxc6 bxc6 26. Qf3 Re6 27. Rd7 R8e7 28. Rfd1 Qb4 29. Kg2 Re2 30. R1d4 Qb5 31. Rxe7 Rxe7 32. Rd8+ Kg7 33. Qc3+ Qe5 34. Qxc6 h5 35. Qd5 Qc7 36. Rd6 Kh7 37. Rc6 Qb7 38. Rc5 Qxd5+ 39. Rxd5 a4 40. Kf3 axb3 41. axb3 Rb7 42. Rd3 Rb4 43. h4 Kg7 44. Ke3 Kf6 45. Kd2 Kf5 46. Kc3 Rb7 47. Rd4 Ke5 48. b4 Rc7+ 49. Rc4 Rd7 50. b5 Rd1 51. Kb4 Rd2 52. Rf4 f6 53. Kc3 Ra2 54. b6 Ra8 55. Rb4 Rb8 56. b7 g5 1-0